| 000 | 00899nam a22002777a 4500 | ||
|---|---|---|---|
| 001 | 9375 | ||
| 003 | FISKH | ||
| 005 | 20251216120641.0 | ||
| 008 | 251216b cb ||||| |||| 00| 0 eng d | ||
| 020 | _a9780545565424 | ||
| 040 |
_aFISKH _beng _cFISKH _dFISKH |
||
| 050 | _aQL105 .C358 | ||
| 082 | _a591.998 | ||
| 100 | _aCanizares , Susan | ||
| 245 |
_aWho lives in the Arctic ? / _cBy Susan Canizares . Pamela Chanko |
||
| 260 |
_aNew York : _bScholastic , _c2013. |
||
| 300 |
_a16 unnumbered pages : _bcolor illustrations ; _c18 x 21 cm. |
||
| 490 | _aScience emergent readers | ||
| 505 | _aB | ||
| 520 | _aPhotographs and simple text explore the variety of animals that have adapted to life in the Arctic. | ||
| 521 | 8 |
_a130
_bLexile estimate |
|
| 521 | 8 |
_aB
_bRaz-Plus |
|
| 650 |
_aArctic animals _vNon-fiction |
||
| 942 |
_2ddc _cBK _n0 |
||
| 999 |
_c9375 _d9375 |
||